000
00244nam a2200097Ia 4500
001
639785
005
20250826153434.0
008
250824s9999 xx 000 0 und d
245
0
_a
Andersen den Masallar ALTIN
_c
Hans C. Andersen
260
_b
ALTIN
999
_c
639785
_d
639785